000 00571nam a2200241Ia 4500
008 210210b1936 xxu||||| |||| 00| 0 eng d
041 _aeng
082 _a543 BLAS
100 _aBLANCHARD (Arthur A)
245 _aSynthetic inorganic chemistry Ed 5.
250 _a
260 _aNewyork
_bJohn Wiley and Sons
_c1936
300 _axii,385
650 _aSynthetic
650 _ainorganic
650 _aEd
650 _achemistry.
650 _achemistry
650 _a5.
690 _aInorganic Chemistry
700 _aPHELAN (Joseph W)
906 _a009888
999 _c140582
_d140582